Một số vấn đề về rào cản thương mại trá hình /

Na minha lista:
Detalhes bibliográficos
Autor principal: Nguyễn Anh Đức.
Formato: Atigo
Idioma:Vietnamese
Assuntos:
Tags: Adicionar Tag
Sem tags, seja o primeiro a adicionar uma tag!
Thư viện lưu trữ: Thư viện Trường Đại học Đà Lạt
LEADER 00800nam a2200277 4500
001 DLU100109232
005 ##20100617
040 # # |a DLU  |b vie 
041 # # |a vie 
044 # # |a vn 
100 # # |a Nguyễn Anh Đức. 
245 # # |a Một số vấn đề về rào cản thương mại trá hình /  |c Nguyễn Anh Đức. 
653 # # |a Hàng hóa 
653 # # |a Nhập khẩu 
653 # # |a Sở hữu trí tuệ 
653 # # |a Thương mại 
773 # # |t Tạp chí Toà án nhân dân  |g Số1(2), 2008, tr. 27-29 
920 # # |a Phòng Tạp chí -- Trung tâm Thông tin - Thư viện Trường Đại học Đà Lạt 
994 # # |a DLU 
900 # # |a True 
911 # # |a Nguyễn Thị Linh Chi 
925 # # |a G 
926 # # |a A 
927 # # |a BB 
980 # # |a Thư viện Trường Đại học Đà Lạt